| 000 | 01044cam a22003257a 4500 | ||
|---|---|---|---|
| 003 | CHAP | ||
| 005 | 20220817042447.0 | ||
| 008 | 971013s1995 r 00010 d | ||
| 010 | _a45441 | ||
| 011 | _a46413 | ||
| 035 | _a50554 | ||
| 040 | _cCHAP | ||
| 082 |
_a333.72 _bF3Y v.26 |
||
| 110 | _aFAO | ||
| 245 | 1 | 3 | _aLa domesticación y cría de la paca (Agrouti paca) |
| 260 |
_aRoma : _bFAO, _c1995 |
||
| 300 |
_a83 p. _b: ilus. |
||
| 490 | 0 |
_aFAO. Guías de conservación _v; 26 |
|
| 590 |
_aBATCH-UPD _b10 _c20130110 _lUCH01 _h0247 |
||
| 590 |
_aBATCH-UPD _b10 _c20130110 _lUCH01 _h2125 |
||
| 590 |
_aBATCH-UPD _b10 _c20130410 _lUCH01 _h1434 |
||
| 590 |
_aBATCH-UPD _b10 _c20130913 _lUCH01 _h1955 |
||
| 590 |
_aCONVERSION _b10 _c20130109 _lUCH01 _h1325 |
||
| 650 | 1 | 4 |
_aAgouti paca. _91136 |
| 830 | 0 |
_aFAO. Guías de conservación _v; 26 _939581 |
|
| 901 | _aBK | ||
| 942 | _cLIBRO | ||
| 949 |
_a333.72 F3Y v.26 _bBC _cFAO _d33724000662458 _eFAO1 _h89451 _i50554 _si |
||
| 949 |
_a333.72 F3Y v.26 _bBC _cFAO _d33724000662649 _eFAO2 _fc.2 _h89475 _i50554 _si |
||
| 999 |
_c45441 _d45441 |
||